Oceania cities - sudden death - Statistics

General Stats
  • This quiz has been taken 119 times
  • The average score is 17 of 27
Answers on the Grid
Answers color-coded by a green-red scale on the quiz's grid according to % correct below.
Buenos Aires
Sydney
Anchorage
Christchurch
Port Moresby
Seoul
Palikir
Glasgow
Honolulu
Oslo
Havana
The Hague
Auckland
Pago Pago
Reykjavik
Turin
Khabarovsk
Suva
Brisbane
Apia
Nuku'Alofa
Vancouver
Rotorua
Hanga Roa
Nassau
Mogilev
Hobart
Rangpur
Shijiazhuang
Kahului
Petropavl
Nouméa
Kailua-Kona
Papeete
Melbourne
Mount Hagen
Tasikmalaya
Yazd
Adamstown
Avarua
Dakar
Buka Town
Coles Bay
Nadi
Hagåtña
Padang
Doboj
Mendi
 
Answer Stats
Answer % Correct
Australia Sydney
95%
New Zealand Christchurch
93%
New Zealand Auckland
88%
Papua New Guinea Port Moresby
88%
Australia Brisbane
86%
Tonga Nuku'Alofa
83%
Fiji Suva
83%
Samoa Apia
79%
Australia Hobart
76%
Australia Melbourne
76%
Micronesia Palikir
76%
New Zealand Rotorua
71%
American Samoa Pago Pago
69%
Tahiti Papeete
67%
New Caledonia Nouméa
62%
Hawaii Kailua-Kona
57%
Maui Kahului
55%
Australia Coles Bay
52%
Easter Island Hanga Roa
52%
Pitcairn Adamstown
50%
Cook Islands Avarua
50%
Oahu Honolulu
48%
Bougainville, PNG Buka Town
45%
Fiji Nadi
38%
Guam Hagåtña
33%
Papua New Guinea Mendi
29%
Papua New Guinea Mount Hagen
26%
No matching quizzes found
Score Distribution
Percent of People with Each Score
Percentile by Number Answered
Your Score History
You have not taken this quiz